| 000 | 00664nam a22002417a 4500 | ||
|---|---|---|---|
| 001 | 6984 | ||
| 003 | BD-RjUL | ||
| 005 | 20211208234341.0 | ||
| 008 | 140113s1999 ii ||||| |||| 001 0 eng d | ||
| 020 | _a8121912466 | ||
| 035 | _a(BD-RjUL)7026 | ||
| 040 |
_aBD-RjUL _beng _cBD-RjUL |
||
| 041 | _aeng | ||
| 082 | 0 | 0 |
_221 _a519.5 _bKAM 1999 |
| 100 | 1 |
_aKapur, Jagat Narain _921901 |
|
| 245 | 1 |
_aMathematical statistics / _cby Jagat Narain Kapur; H C Saxena |
|
| 260 |
_aDelhi : _bS. Chand, _c1999. |
||
| 300 |
_axvi, 784 p. ; _c22 cm. |
||
| 504 | _aIncludes index. | ||
| 650 | 0 |
_aMathematical statistics. _921902 |
|
| 700 | 1 |
_aSaxena, H C _921903 |
|
| 942 |
_2ddc _cBK |
||
| 999 |
_c6984 _d6984 |
||